Computer Applications in Business F.Y.BMS (Record no. 820875)

MARC details
000 -LEADER
fixed length control field 00561nam a2200217Ia 4500
008 - FIXED-LENGTH DATA ELEMENTS--GENERAL INFORMATION
fixed length control field 101110s9999 xx 000 0 und d
041 ## - LANGUAGE CODE
Language code of text/sound track or separate title ENGLISH
082 ## - DEWEY DECIMAL CLASSIFICATION NUMBER
Item number SR28336
100 ## - MAIN ENTRY--PERSONAL NAME
Personal name Sharma Arpan
245 ## - TITLE STATEMENT
Title Computer Applications in Business F.Y.BMS
260 ## - PUBLICATION, DISTRIBUTION, ETC. (IMPRINT)
Date of publication, distribution, etc 2005
Name of publisher, distributor, etc Sheth Pub.pvt.ltd,Mumbai
300 ## - PHYSICAL DESCRIPTION
Extent 139
365 ## - TRADE PRICE
Price amount 90
520 ## - SUMMARY, ETC.
Summary, etc B.M.S.
546 ## - LANGUAGE NOTE
Language note ENGLISH
630 ## - SUBJECT ADDED ENTRY--UNIFORM TITLE
Uniform title Computer Applications in Business F.Y.BMS
650 ## - SUBJECT ADDED ENTRY--TOPICAL TERM
Topical term or geographic name as entry element B.M.S.
655 ## - INDEX TERM--GENRE/FORM
Genre/form data or focus term B.M.S.
730 ## - ADDED ENTRY--UNIFORM TITLE
Uniform title Computer Applications in Business F.Y.BMS
942 ## - ADDED ENTRY ELEMENTS (KOHA)
Koha item type Book
Holdings
Withdrawn status Lost status Damaged status Not for loan Home library Current library Shelving location Date acquired Source of acquisition Cost, normal purchase price Shelving control number Total Checkouts Barcode Date last seen Price effective from Koha item type
        D. B. J. College, Chiplun D. B. J. College, Chiplun     Prashant Book & Gen Sto.Cpn.Bill no.271dt2-3-06 90.00     DBJSR28336 11/11/2010 11/11/2010 Book